| 000 | 00686nam a2200217Ia 4500 | ||
|---|---|---|---|
| 003 | GCL | ||
| 008 | 140319s9999 xx 000 0 ara d | ||
| 040 |
_aGCL / _cGCL |
||
| 082 | 0 | 4 |
_aق _b923.1 _bز ص |
| 100 | 1 | _aزكى فهمى | |
| 245 | 1 | 0 |
_aصفوة العصر فى تاريخ ورسوم مشاهير رجال مصر / _cزكى فهمى |
| 260 |
_a[S.N] : _bمكتبة مدبولى ، _c1995 |
||
| 300 | _a734 ص | ||
| 490 | _a | ||
| 650 | 0 | 4 | _aالملوك والحكام |
| 650 | 0 | 4 | _aالملوك المصريون |
| 650 | 0 | 4 | _aالرجال - تراجم |
| 650 | 0 | 4 | _aالزعماء - تراجم |
| 650 | 0 | 4 | _aالملوك والحكام - تراجم |
| 942 |
_2ddc _cBK |
||
| 999 |
_c34946 _d34946 |
||